[Event "Preferente Grupo II"]
[Site ""]
[Date "2011.02.12"]
[Round "2.63"]
[White "Sancho Cortes Miguel Angel"]
[Black "Gutierrez Minguenza Ruben"]
[Result "0-1"]
[WhiteElo "2112"]
[BlackElo "2092"]

1.e4 c5 2.Nf3 Nc6 3.d4 cxd4 4.Nxd4 Nf6 5.Nc3 e5 6.Nb3 Bb4 7.Bd3 d5 8.exd5 Nxd5
9.Bd2 Nxc3 10.Bxc3 Bxc3+ 11.bxc3 O-O 12.O-O Qe7 13.Rb1 Be6 14.Qe2 Rac8 15.Be4
Nd8 16.Bd3 Qc7 17.Rbe1 f6 18.f4 exf4 19.Nd4 Bf7 20.Nf5 Nc6 21.Qe4 Bg6 22.Qe6+
Kh8 23.Nd6 Rcd8 24.Bxg6 Rxd6 25.Qh3 h6 {tiempo} 0-1

[Event "Preferente Grupo II"]
[Site ""]
[Date "2011.02.12"]
[Round "2.64"]
[White "Palomar Ramon Santiago"]
[Black "Ruiperez Gumiel Ramon"]
[Result "1-0"]
[WhiteElo "2041"]
[BlackElo "1951"]

1.e4 c5 2.Nf3 Nc6 3.d4 cxd4 4.Nxd4 Nf6 5.Nc3 e5 6.Ndb5 d6 7.Bg5 a6 8.Bxf6 gxf6
9.Na3 b5 10.Nd5 Bg7 11.Qh5 Ne7 12.Bd3 Nxd5 13.exd5 e4 14.Bxe4 f5 15.Bxf5 Bxf5
16.Qxf5 Bxb2 17.O-O O-O 18.Rae1 Qc8 19.Qd3 Kh8 20.Re3 Rg8 21.c4 Rg7 22.Rfe1
Be5 23.cxb5 Qg4 24.g3 axb5 25.Re4 Qh3 26.Kh1 Rag8 27.Rh4 Qd7 28.Nxb5 Qd8 29.
Rh5 Qd7 30.Re4 f5 31.Rc4 Qf7 32.Rxf5 Qg6 33.Qf3 Qe8 34.Nd4 Bxd4 35.Rxd4 Qe1+
36.Kg2 Qe7 37.Rdf4 h6 38.Rf7 Qg5 39.Qc3 Qxd5+ 40.Qf3 Qxa2 41.Rxg7 Kxg7 42.Rg4+
Kh7 43.Qf5+ Kh8 44.Qf6+ Kh7 45.Qf5+ Kh8 46.Qf6+ Kh7 47.Qe7+ Kh8 48.Rxg8+ Kxg8
49.Qxd6 Kh7 50.Qe7+ Kh8 51.Qe8+ Kh7 52.Qe4+ Kg7 53.g4 Kh8 54.h4 Kg7 55.Qe7+
Kh8 56.Qf8+ Kh7 57.h5 Qd5+ 58.Qf3 Qa2 59.Qf5+ Kh8 60.Qf6+ Kh7 61.Qg6+ Kh8 62.
Qxh6+ Kg8 63.Qg6+ Kh8 64.Qe8+ Kh7 65.Qe4+ Kh8 66.h6 Qb3 67.Qe5+ 1-0

[Event "Preferente Grupo II"]
[Site ""]
[Date "2011.02.12"]
[Round "2.65"]
[White "Garcia Lopez Alberto J"]
[Black "Fandino Roquelina"]
[Result "1-0"]
[WhiteElo "1977"]
[BlackElo "2148"]

1.Nf3 Nf6 2.g3 g6 3.b3 Bg7 4.Bb2 O-O 5.Bg2 d6 6.c4 c6 7.d4 Nbd7 8.O-O Qc7 9.
Nc3 e5 10.e4 Re8 11.d5 Nc5 12.Qe2 a5 13.Ne1 Bd7 14.Nd3 b6 15.Nxc5 bxc5 16.f4
exf4 17.Rxf4 Nh5 18.Rh4 Bd4+ 19.Kh1 Re5 20.Rf1 Rae8 21.g4 Ng7 22.Qf3 R8e7 23.
Bc1 h5 24.h3 g5 25.Rxh5 Nxh5 26.gxh5 Qc8 27.Ne2 cxd5 28.Nxd4 cxd4 29.Qf6 Bxh3
30.h6 Bxg2+ 31.Kg1 Qf8 32.Kxg2 R7e6 33.h7+ 1-0

[Event "Preferente Grupo II"]
[Site ""]
[Date "2011.02.12"]
[Round "2.66"]
[White "Rodriguez Leiva Manuel"]
[Black "Lucea Valero Alejandro"]
[Result "1-0"]
[WhiteElo "2109"]
[BlackElo "1953"]

1.c4 c5 2.Nc3 Nc6 3.Nf3 Nf6 4.g3 g6 5.Bg2 Bg7 6.O-O O-O 7.d4 cxd4 8.Nxd4 Nxd4
9.Qxd4 d6 10.Bg5 h6 11.Be3 Ng4 12.Qd2 Nxe3 13.Qxe3 Bxc3 14.Qxc3 Qc7 15.Rad1
Be6 16.Rd4 Rac8 17.Qd2 Qb6 18.b3 Kg7 19.Rd1 a5 20.Rh4 Rh8 21.Qc3+ f6 22.Bd5
Bxd5 23.Rxd5 a4 24.Qd3 axb3 25.axb3 Rhe8 26.Rg4 g5 27.h4 Rc5 28.h5 Rh8 29.Qe3
Qc7 30.Re4 e5 31.Rxc5 Qxc5 32.Qxc5 dxc5 33.f4 Re8 34.fxg5 f5 35.gxh6+ Kxh6 36.
Re3 Kxh5 37.Rd3 Re6 38.Rd5 b6 39.Kf2 Kg4 40.Rd8 Kg5 41.Kf3 Kf6 42.e4 fxe4+ 43.
Kxe4 Ke7 44.Rd5 Kf6 45.g4 1-0

[Event "Preferente Grupo II"]
[Site ""]
[Date "2011.02.12"]
[Round "2.67"]
[White "Buil Montanes Carlos"]
[Black "Inglan Bielsa Fernando"]
[Result "1-0"]
[WhiteElo "1903"]
[BlackElo "2105"]

1.d4 Nf6 2.Nf3 g6 3.c4 Bg7 4.Nc3 d5 5.Qb3 dxc4 6.Qxc4 a6 7.e4 b5 8.Qd3 Bb7 9.
e5 Nd5 10.Ne4 Nb4 11.Qb1 Bd5 12.a3 N4c6 13.Be3 Na5 14.Nfd2 Nb3 15.Nxb3 Bxb3
16.Qd3 Bc4 17.Qc2 Bxf1 18.Kxf1 O-O 19.Rc1 Qd5 20.h4 f5 21.Nc3 Qd7 22.Ne2 c6
23.h5 e6 24.hxg6 hxg6 25.Bh6 Bxh6 26.Rxh6 Qg7 27.Rh3 Kf7 28.Nf4 Ra7 29.Rg3 g5
30.Qc5 Rd7 31.Nh5 Qg6 32.Nf6 Rdd8 33.Qa7+ Nd7 34.Rh3 Kg7 35.Rxc6 Rxf6 36.exf6+
Kxf6 37.d5 Nf8 38.Qd4+ Ke7 39.d6+ Kf7 40.Rc7+ Nd7 41.Qa7 1-0

[Event "Preferente Grupo II"]
[Site ""]
[Date "2011.02.12"]
[Round "2.68"]
[White "Salas Latorre Jose"]
[Black "Minguez Guinda Andres"]
[Result "1/2-1/2"]
[WhiteElo "1745"]
[BlackElo "1896"]

1.d4 d5 2.Bg5 g6 3.Nf3 Bg7 4.e3 Nf6 5.Be2 O-O 6.O-O Nbd7 7.c4 c6 8.Nc3 b6 9.
Rc1 Bb7 10.cxd5 cxd5 11.Qa4 a6 12.a3 b5 13.Qb3 Ra7 14.Bf4 Qa8 15.Ne5 Nxe5 16.
Bxe5 Nd7 17.Bxg7 Kxg7 18.Bf3 e6 19.a4 bxa4 20.Nxa4 Bc6 21.Nc5 Bb5 22.Rfe1 Rc8
23.Nxd7 Rxd7 24.Rc3 Rdc7 25.Rec1 Rxc3 1/2-1/2

[Event "Preferente Grupo II"]
[Site ""]
[Date "2011.02.12"]
[Round "2.69"]
[White "Gomez Luesia Jesus"]
[Black "Cifuentes Parada Roberto"]
[Result "0-1"]
[WhiteElo "2164"]
[BlackElo "2508"]

1.d4 d5 2.c4 c6 3.Nf3 Nf6 4.Nc3 e6 5.e3 Nbd7 6.Qc2 Bd6 7.g4 h6 8.h3 Qe7 9.Bd2
e5 10.cxd5 Nxd5 11.O-O-O Nxc3 12.Bxc3 e4 13.Nd2 Nf6 14.Bg2 Be6 15.Bxe4 Bxa2
16.Bd3 Nd5 17.Qa4 Nxc3 18.bxc3 Be6 19.Ne4 O-O 20.Rdg1 Bd5 21.f3 b5 22.Qc2 Ba3+
23.Kd2 Rae8 24.g5 hxg5 25.Rxg5 f5 26.Rhg1 Rf7 27.Nf6+ Qxf6 0-1

[Event "Preferente Grupo II"]
[Site ""]
[Date "2011.02.12"]
[Round "2.70"]
[White "Accattato Martin Mario"]
[Black "Martinez Asensio Juan M"]
[Result "1-0"]
[WhiteElo "2144"]
[BlackElo "2144"]

1.e4 c5 2.Nf3 Nc6 3.d4 cxd4 4.Nxd4 g6 5.Nc3 Bg7 6.Be3 Nf6 7.Bc4 Qa5 8.O-O O-O
9.Bb3 d6 10.h3 Bd7 11.f4 Nxd4 12.Bxd4 Bc6 13.Nd5 Rae8 14.Bxf6 Qc5+ 15.Kh1 Bxf6
16.f5 Bxb2 17.Rb1 Bd4 18.Qg4 Bg7 19.fxg6 hxg6 20.Nc7 Rc8 21.Bxf7+ Rxf7 22.
Qxc8+ Kh7 23.Ne6 Rxf1+ 24.Rxf1 Qe5 25.Rf7 Kh6 26.Qf8 1-0

[Event "Preferente Grupo II"]
[Site ""]
[Date "2011.02.12"]
[Round "2.71"]
[White "Carruez Berges Santiago"]
[Black "Horton Justin"]
[Result "1/2-1/2"]
[WhiteElo "2110"]
[BlackElo "2112"]

1.Nf3 d5 2.c4 c6 3.b3 Bg4 4.Bb2 Bxf3 5.gxf3 Nf6 6.Bg2 e6 7.Qc2 Nbd7 8.f4 Bd6
9.f5 Rc8 10.fxe6 fxe6 11.Bh3 Ne4 12.Bxe6 Qh4 13.Bd4 Rf8 14.Rf1 Bxh2 15.Nc3 Be5
16.Be3 Nxc3 17.dxc3 Qf6 18.Bxd7+ Kxd7 19.O-O-O Bxc3 20.Kb1 Kc7 21.cxd5 Kb8 22.
d6 Be5 23.d7 Rcd8 24.Rd3 Rf7 25.Rfd1 Qf5 26.Qc5 b6 27.Qxc6 Rfxd7 28.Bxb6 Rxd3
29.Bxa7+ Kxa7 30.Qc5+ Kb7 31.Qb5+ Kc7 32.Qa5+ Kb7 33.Qb5+ 1/2-1/2

[Event "Preferente Grupo II"]
[Site ""]
[Date "2011.02.12"]
[Round "2.72"]
[White "Mancho Fondevila Jorge"]
[Black "Temprano Mateos Luis Jose"]
[Result "1-0"]
[WhiteElo "1810"]
[BlackElo "2009"]

1.d4 Nf6 2.Nf3 g6 3.Bf4 c5 4.c3 Bg7 5.e3 b6 6.Bd3 O-O 7.O-O Ba6 8.Bxa6 Nxa6 9.
Qe2 Qc8 10.Nbd2 Qb7 11.h3 Rac8 12.a4 d5 13.Qb5 Nc7 14.Qb3 Nd7 15.Rfe1 Rfe8 16.
Bxc7 Rxc7 17.e4 cxd4 18.cxd4 dxe4 19.Nxe4 Nf6 20.Neg5 Qd5 21.Qd3 h6 22.Re5 Qc6
23.Nxf7 Kxf7 24.Rc5 Qd7 25.Ne5+ Ke6 26.Nxd7 bxc5 27.Nxc5+ Kf7 28.Qb3+ e6 29.
Qg3 Nd5 30.Ne4 e5 31.Nd6+ 1-0

[Event "Division Honor Grupo I"]
[Site ""]
[Date "2011.02.19"]
[Round "3.1"]
[White "Villuendas Valero Adrian"]
[Black "Garza Marco Sergio"]
[Result "1/2-1/2"]
[WhiteElo "2266"]
[BlackElo "2436"]

1.d4 f5 2.Bg5 h6 3.Bh4 g5 4.e4 Nf6 5.e5 e6 6.exf6 Qxf6 7.Qh5+ Qf7 8.Qxf7+ Kxf7
9.Bg3 f4 10.Bxf4 gxf4 11.Nc3 c5 12.d5 Na6 13.dxe6+ dxe6 14.O-O-O Bg7 15.Ne4
Ke7 16.Nf3 Rg8 17.Bc4 b5 18.Bxb5 Rb8 19.Nd6 Nc7 20.Nxc8+ Rgxc8 21.Rd7+ Kf8 22.
Bc4 Bxb2+ 23.Kd2 Rd8 24.Rxd8+ Rxd8+ 25.Ke2 Nd5 26.Bxd5 exd5 27.Rb1 Bc3 28.Rb7
a5 29.Kd3 Bf6 30.Kd2 c4 31.Ra7 d4 32.Rc7 c3+ 33.Kd3 Rd5 34.a4 Rd6 35.Rc4 Kg7
36.Nxd4 Kg6 37.Kxc3 f3 38.g3 Re6 39.Kd3 Bxd4 40.Rxd4 Re2 41.c4 Rxf2 42.c5 Rxh2
43.Rc4 Re2 44.Rf4 Re5 45.Kd4 Rf5 46.Rxf5 Kxf5 47.Ke3 Ke5 48.Kxf3 Kd5 49.Kg4
Kxc5 50.Kh5 Kb4 51.Kxh6 Kxa4 52.g4 Kb4 53.g5 a4 54.g6 1/2-1/2

[Event "Division Honor Grupo I"]
[Site ""]
[Date "2011.02.19"]
[Round "3.2"]
[White "Antoli Royo Joaquin Miguel"]
[Black "Valiente Roy Jose Javier"]
[Result "1-0"]
[WhiteElo "2430"]
[BlackElo "2092"]

1.e4 c6 2.d4 d5 3.Nc3 dxe4 4.Nxe4 Nf6 5.Nxf6+ exf6 6.c3 Bf5 7.Ne2 Bd6 8.Ng3
Bxg3 9.hxg3 O-O 10.Bc4 Nd7 11.O-O Nb6 12.Bb3 Qd7 13.c4 Be6 14.Qd3 Bf5 15.Qc3
Rad8 16.Be3 Nc8 17.Rfd1 Nd6 18.Qb4 Rfe8 19.d5 Re4 20.dxc6 bxc6 21.Bf4 Rxf4 22.
gxf4 Qc7 23.c5 Ne4 24.Qb7 1-0

[Event "Division Honor Grupo I"]
[Site ""]
[Date "2011.02.19"]
[Round "3.3"]
[White "Cantin Zaborras Valentin"]
[Black "Ramiro Ovejero Juan Luis"]
[Result "0-1"]
[WhiteElo "2085"]
[BlackElo "2365"]

1.e4 c5 2.Nf3 e6 3.c3 b6 4.d4 Bb7 5.Bd3 Nf6 6.Qe2 Be7 7.O-O Qc8 8.Nbd2 Ba6 9.
e5 Bxd3 10.Qxd3 Nd5 11.Ne4 Qa6 12.Rd1 Qxd3 13.Rxd3 Nc6 14.dxc5 bxc5 15.c4 Ndb4
16.Nd6+ Bxd6 17.Rxd6 a5 18.Be3 Nc2 19.Rad1 Nxe3 20.fxe3 Ra7 21.Kf2 Ke7 22.Kg3
Rb8 23.R1d2 Rb4 24.b3 a4 25.R2d3 axb3 26.axb3 Rbb7 27.Kf4 Ra2 28.g4 Rf2 29.Ke4
Na5 30.Nd2 Rxh2 31.Kf4 h5 32.g5 Rh4+ 33.Kf3 Nc6 34.Rxc6 dxc6 35.Ne4 Rd7 0-1

[Event "Division Honor Grupo I"]
[Site ""]
[Date "2011.02.19"]
[Round "3.4"]
[White "Maza Broto Pablo"]
[Black "Pueyo Marina Gerardo"]
[Result "1-0"]
[WhiteElo "2075"]
[BlackElo "1903"]

1.d4 Nf6 2.Nf3 e6 3.g3 b6 4.Bg2 Bb7 5.O-O Be7 6.c4 O-O 7.Nc3 Ne4 8.Qc2 Nxc3 9.
Qxc3 d6 10.h4 Nd7 11.Bg5 Nf6 12.Bxf6 Bxf6 13.Rad1 a5 14.Qc2 Qe7 15.e4 e5 16.d5
Bc8 17.Nh2 Bd7 18.Qe2 g6 19.h5 Bg5 20.f4 exf4 21.gxf4 Bh4 22.Rd3 Rae8 23.Re3
f5 24.e5 dxe5 25.fxe5 f4 26.Re4 Bf5 27.Rexf4 Bg3 28.e6 Qd6 29.Qe3 Bxf4 30.Rxf4
Bb1 31.Rg4 Qc5 32.Qxc5 bxc5 33.hxg6 Bxg6 34.Nf3 Rf5 35.Ne1 Re5 36.Nd3 Re2 37.
Nxc5 Rxb2 38.Nd7 Kg7 39.a4 Rb4 40.Nc5 Kf6 41.Na6 Rxa4 42.Nxc7 Rb8 43.d6 Ke5
44.d7 Ra1+ 45.Kh2 Kd6 46.Rd4+ Kxc7 47.e7 1-0

[Event "Division Honor Grupo I"]
[Site ""]
[Date "2011.02.19"]
[Round "3.5"]
[White "Llorente Zaro Alfonso"]
[Black "Baron Rodriguez Jesus"]
[Result "1-0"]
[WhiteElo "2450"]
[BlackElo "2447"]

1.e4 Nf6 2.e5 Nd5 3.d4 d6 4.Nf3 Bg4 5.Be2 e6 6.O-O Nc6 7.c4 Nb6 8.exd6 cxd6 9.
d5 exd5 10.cxd5 Bxf3 11.gxf3 Ne5 12.Bb5+ Ned7 13.Qd4 Qf6 14.Qxf6 gxf6 15.Nc3
a6 16.Re1+ Kd8 17.Be2 Ne5 18.Be3 Nbd7 19.Rac1 h5 20.Ne4 Rc8 21.Rxc8+ Kxc8 22.
f4 Ng6 23.Ng3 h4 24.Nf5 Kd8 25.h3 Be7 26.Rc1 Re8 27.b4 Bf8 28.Bd3 Be7 29.a4 a5
30.bxa5 Nc5 31.Bb5 Rg8 32.Kf1 Kc7 33.Re1 Bd8 34.Bxc5 dxc5 35.d6+ Kb8 36.d7 Kc7
37.Re8 Rh8 38.Ke1 Rh5 39.Nd6 Rd5 40.Nxf7 Be7 41.Rc8# 1-0

[Event "Division Honor Grupo I"]
[Site ""]
[Date "2011.02.19"]
[Round "3.6"]
[White "Forcen Esteban Daniel"]
[Black "Ramon Perez Jose Luis"]
[Result "1-0"]
[WhiteElo "2378"]
[BlackElo "2219"]

1.d4 Nf6 2.Nf3 c5 3.d5 g6 4.c4 b5 5.cxb5 a6 6.b6 Qxb6 7.Nc3 d6 8.Nd2 Bg7 9.e4
O-O 10.Be2 Qc7 11.a4 Nbd7 12.a5 c4 13.Nxc4 Nc5 14.Be3 Ncxe4 15.Nxe4 Nxe4 16.
Rc1 Bb7 17.O-O Qd8 18.Bf3 Nf6 19.Nb6 Rb8 20.b4 Ne8 21.Qa4 Nc7 22.Nd7 Nb5 23.
Nxf8 Qxf8 24.Qb3 f5 25.Be2 Ba8 26.Bb6 Bd4 27.Bxb5 Bxb6 28.Bc6 Bd4 29.Qc4 Qf6
30.Qxa6 Bxc6 31.dxc6 1-0

[Event "Division Honor Grupo I"]
[Site ""]
[Date "2011.02.19"]
[Round "3.7"]
[White "Delgado Salcedo Eduardo"]
[Black "Baron Rodriguez Jorge"]
[Result "1/2-1/2"]
[WhiteElo "2179"]
[BlackElo "2272"]

1.d4 Nf6 2.c4 g6 3.Nc3 d5 4.Nf3 Bg7 5.h3 O-O 6.Bf4 dxc4 7.e4 c5 8.d5 e6 9.d6
Qa5 10.Nd2 Qb4 11.Bxc4 Nc6 12.Rb1 a6 13.a3 Qa5 14.Nb3 Qb6 15.Be3 Na5 16.Nxa5
Qxa5 17.b4 cxb4 18.axb4 Qe5 19.Bd4 Qg5 20.O-O e5 21.Be3 Qh4 22.Qf3 Bd7 23.Bd5
Rac8 24.Bc5 Nxd5 25.Nxd5 Kh8 26.Ne7 Rb8 27.Ba7 Ra8 28.Bb6 f5 29.Rbc1 Bb5 30.
exf5 gxf5 31.Nxf5 Qg5 32.g4 Bd7 33.Qg3 Bxf5 34.gxf5 Qxf5 35.Qg4 Qd3 36.Rfd1
Qb5 37.Be3 Rg8 38.Kh2 e4 39.Qxe4 Rae8 40.Qd5 Be5+ 41.Kh1 Qe2 42.d7 Qh5 43.Qg2
Rxg2 44.dxe8=Q+ Qxe8 45.Kxg2 Kg7 46.Bd4 Qg6+ 47.Kf1 Qf5 48.Bxe5+ Qxe5 49.Rd7+
Kg6 50.Rxb7 Qh2 51.Rb6+ Kf5 52.Rc5+ Ke4 53.Re6+ Kd4 54.Re3 Qh1+ 55.Ke2 Qb1 56.
Rg5 Qc2+ 57.Kf1 Qc4+ 58.Kg1 Qc1+ 59.Kh2 Qc7+ 60.Kg1 Qc1+ 61.Kg2 Qc6+ 62.Kg1
Qc1+ 63.Kg2 Qc6+ 64.Kf1 Qc1+ 65.Ke2 Qc4+ 66.Kf3 Qf1 67.Rg4+ Kd5 68.Rg5+ Kc4
69.Rg4+ Kd5 70.Rg5+ Kc4 71.Rg4+ Kd5 1/2-1/2

[Event "Division Honor Grupo I"]
[Site ""]
[Date "2011.02.19"]
[Round "3.8"]
[White "Lasanta Rica Cesar"]
[Black "Gomez Luesia Jesus"]
[Result "1-0"]
[WhiteElo "2220"]
[BlackElo "2164"]

1.c4 c5 2.g3 Nf6 3.Bg2 Nc6 4.Nc3 e6 5.Nf3 Be7 6.O-O O-O 7.d4 cxd4 8.Nxd4 a6 9.
e4 Ne5 10.Qe2 Qc7 11.Bf4 d6 12.Rac1 Bd7 13.b3 Rac8 14.Rfd1 Rfd8 15.h3 Be8 16.
g4 Qb8 17.Be3 Nc6 18.Nc2 Nd7 19.Ne1 Na7 20.f4 b5 21.Qf2 Nc6 22.cxb5 axb5 23.a4
bxa4 24.bxa4 Qb3 25.Nb5 Na5 26.Rb1 Qxa4 27.Na7 Rc3 28.Bd2 Ra3 29.Bxa5 Qxa5 30.
Nc6 Qa6 31.Nxe7+ Kf8 32.Qh4 Nf6 33.e5 Qa7+ 34.Kh1 Nd7 35.Nc6 1-0

[Event "Division Honor Grupo I"]
[Site ""]
[Date "2011.02.19"]
[Round "3.9"]
[White "Del Rey Diego"]
[Black "Gimenez Martinez Alberto"]
[Result "1-0"]
[WhiteElo "2374"]
[BlackElo "2132"]

1.d4 d5 2.c4 e6 3.Nf3 Nf6 4.Nc3 c6 5.e3 Nbd7 6.Qc2 Bd6 7.Bd3 O-O 8.O-O Qc7 9.
b3 b6 10.Bb2 Bb7 11.Rac1 Qd8 12.Qe2 Rc8 13.e4 dxe4 14.Nxe4 Nxe4 15.Qxe4 Nf6
16.Qh4 c5 17.d5 h6 18.Rfd1 exd5 19.cxd5 Bxd5 20.Bf5 Bxf3 21.gxf3 Ne8 22.Qh3
Rc7 23.Kh1 f6 24.Qh5 Qa8 25.Rg1 Be5 26.Be4 Qc8 27.Bxe5 fxe5 28.Qxh6 Nf6 29.Bd3
Rff7 30.Bc4 Qf5 31.Qxg7# 1-0

[Event "Division Honor Grupo I"]
[Site ""]
[Date "2011.02.19"]
[Round "3.10"]
[White "Quintin Navarro Alberto"]
[Black "Chueca Forcen Alberto"]
[Result "1-0"]
[WhiteElo "2121"]
[BlackElo "2295"]

1.d4 d5 2.Nf3 c5 3.e3 cxd4 4.exd4 Nf6 5.Bd3 Nc6 6.O-O Bg4 7.c3 Qc7 8.Bg5 Ne4
9.Bh4 e6 10.Bg3 Qb6 11.Qb3 Qxb3 12.axb3 Bxf3 13.gxf3 Nd6 14.Nd2 Kd7 15.b4 Be7
16.Nb3 b6 17.b5 Nd8 18.Ra6 Nc8 19.c4 h5 20.h3 h4 21.Bh2 Bd6 22.Bxd6 Kxd6 23.
c5+ Kc7 24.Rc1 Kb8 25.cxb6 Nxb6 26.Nc5 Rh6 27.Ra3 Kc7 28.Nxe6+ Kd7 29.Nxg7 Ne6
30.Nxe6 fxe6 31.Rca1 Rg8+ 32.Kf1 Nc8 33.Rc1 Rf6 34.Rac3 Nb6 35.Rc7+ Kd8 36.
Rxa7 Rxf3 37.Rc6 Nc8 38.Ra3 Rgf8 39.b6 Kd7 40.Rc7+ Kd6 41.Bb5 Rxf2+ 42.Ke1
R2f7 43.Rc6+ Ke7 44.b7 Nd6 45.Rc7+ Kf6 46.Rf3+ Nf5 47.Rxf7+ Kxf7 48.Bd3 Rb8
49.Bxf5 exf5 50.Rb3 Ke6 51.Kf2 Kd6 52.Kf3 Kc7 53.Kf4 Kc6 54.Kxf5 Kc7 55.Ke6
Re8+ 56.Kxd5 Kb8 57.Kc5 Rg8 58.d5 Rg3 59.Kc4 Rg6 60.Kc5 Rg3 61.Rb4 Rxh3 62.Kc6
Rh2 63.b3 h3 64.Ra4 Rc2+ 65.Kb6 Rc6+ 66.dxc6 1-0

[Event "Division Honor Grupo I"]
[Site ""]
[Date "2011.02.19"]
[Round "3.11"]
[White "Melendez Fierro Juan Bautista"]
[Black "Labena Bernal Antonio"]
[Result "0-1"]
[WhiteElo "2224"]
[BlackElo "2073"]

1.d4 d5 2.c4 e6 3.Nc3 Nf6 4.Bg5 Be7 5.e3 O-O 6.Nf3 b6 7.cxd5 Nxd5 8.Bxe7 Qxe7
9.Bd3 Bb7 10.O-O Rc8 11.Nxd5 Bxd5 12.Qc2 h6 13.Be4 c5 14.Bxd5 exd5 15.dxc5
Rxc5 16.Qd2 Qe4 17.Rac1 Nd7 18.b4 Rxc1 19.Rxc1 a5 20.b5 Nc5 21.Nd4 a4 22.Ne2
Rc8 23.f3 Qe8 24.Nc3 Rd8 25.Qd4 Rd6 26.e4 f5 27.exd5 Qd8 28.Rd1 a3 29.h3 Qg5
30.Qe5 Rg6 31.Qe2 Qf6 32.Qd2 Nb7 33.d6 Kh7 34.f4 Rg3 35.Qe2 Rg6 36.Kh1 Qh4 37.
Qe3 Qh5 {tiempo} 0-1

[Event "Division Honor Grupo I"]
[Site ""]
[Date "2011.02.19"]
[Round "3.12"]
[White "Arregui Unotria Carlos"]
[Black "Hernando Garcia Antonio"]
[Result "0-1"]
[WhiteElo "2038"]
[BlackElo "2215"]

1.e4 d5 2.exd5 Qxd5 3.Nc3 Qd8 4.d4 c6 5.Bc4 Bf5 6.Nf3 e6 7.Ne5 Nd7 8.Qe2 Nxe5
9.dxe5 Bb4 10.O-O Qh4 11.Bb3 Ne7 12.Be3 O-O 13.g3 Qh3 14.f3 Nd5 15.Nxd5 exd5
16.c4 dxc4 17.Bxc4 Be6 18.Rad1 Be7 19.g4 Bxc4 20.Qxc4 Rfd8 21.Qe4 Qh4 22.Rd4
Rxd4 23.Bxd4 Bd8 24.Re1 Bb6 25.Bxb6 axb6 26.e6 Qe7 27.exf7+ Qxf7 28.a3 Rd8 29.
Re2 g5 30.Kg2 h6 31.Qe5 Rd5 32.Qe4 Kg7 33.Kg3 b5 34.Qe7 Rd7 35.Qe5+ Qf6 36.Qe8
Qf4+ 37.Kg2 Rf7 38.Qe5+ Qxe5 39.Rxe5 Rd7 40.Re2 Kf6 41.Kg3 Rd3 42.Kf2 Rb3 43.
Kg3 c5 44.Rc2 b6 45.Rf2 Ke5 46.h4 c4 47.h5 Kd4 48.Re2 b4 49.axb4 Rxb4 50.Kf2
Rb3 51.Rd2+ Kc5 52.Kg2 b5 53.Rf2 b4 54.Kf1 c3 55.bxc3 bxc3 56.Rc2 Rb1+ 57.Ke2
Kd4 58.f4 gxf4 59.g5 hxg5 60.Kf3 Kd3 61.Rh2 c2 0-1

[Event "Division Honor Grupo I"]
[Site ""]
[Date "2011.02.19"]
[Round "3.13"]
[White "Gavin Roche Enrique"]
[Black "Fernandez Rubio Rafael"]
[Result "1-0"]
[WhiteElo "2241"]
[BlackElo "2054"]

1.d4 Nf6 2.c4 g6 3.Nc3 Bg7 4.e4 d6 5.Nf3 O-O 6.Be2 e5 7.d5 h6 8.Nd2 a5 9.a3
Nh7 10.h4 f5 11.h5 g5 12.exf5 Bxf5 13.g4 Bd7 14.Nde4 Na6 15.Be3 b6 16.Bd3 Nc5
17.Bc2 Nf6 18.f3 Qe7 19.b3 Nfxe4 20.Nxe4 Qf7 21.O-O Nxe4 22.Bxe4 Qf6 23.Kg2
Rf7 24.Rf2 Raf8 25.Raa2 Qe7 26.Qc2 Rf6 27.b4 Ra8 28.c5 axb4 29.cxb6 cxb6 30.
axb4 Rc8 31.Qd3 b5 32.Ra7 Qe8 33.Rc2 Rf8 34.Rcc7 Rxc7 35.Rxc7 Bf6 36.Bh7+ Kh8
37.Bf5 Bxf5 38.Qxf5 Bg7 39.Qd7 Qxd7 40.Rxd7 Rc8 41.Rxd6 Rc4 42.Re6 Rc3 43.Bc5
Rd3 44.d6 Kg8 45.Kf2 Kf7 46.Re7+ Kf6 47.Ke2 Rd5 48.Re8 Kf7 49.Rb8 Bf8 50.Rb7+
Ke6 51.Rxb5 Kd7 52.Rb7+ Kc6 53.Rf7 Bxd6 54.Rf6 1-0

[Event "Division Honor Grupo I"]
[Site ""]
[Date "2011.02.19"]
[Round "3.14"]
[White "Sierra Aguerri Joaquin"]
[Black "Lopez Guaita Fernando"]
[Result "0-1"]
[WhiteElo "2051"]
[BlackElo "2032"]

1.e4 c6 2.Nf3 d5 3.exd5 cxd5 4.Ne5 Nf6 5.d4 e6 6.Bd3 Nbd7 7.f4 Ne4 8.O-O Be7
9.c4 O-O 10.b3 f6 11.Nf3 f5 12.Na3 Ndf6 13.Nc2 Bd7 14.a3 Bc6 15.c5 Qe8 16.Qe2
Bd8 17.b4 Nc3 18.Qe1 Nfe4 19.Bd2 Na4 20.Rb1 Bb5 21.Bxb5 Qxb5 22.Ng5 Bxg5 23.
fxg5 Qd3 24.Bf4 Qxc2 25.Qh4 Nac3 26.Rbe1 Ne2+ 27.Rxe2 Qxe2 28.g6 hxg6 29.Be5
Qe3+ 30.Kh1 g5 31.Qh5 Nf2+ 32.Rxf2 Qe1+ 0-1

[Event "Division Honor Grupo I"]
[Site ""]
[Date "2011.02.19"]
[Round "3.15"]
[White "Velamazan Gomez Angel"]
[Black "Sancho Casale Jesus"]
[Result "1-0"]
[WhiteElo "1966"]
[BlackElo "1932"]

1.d4 d5 2.Nf3 c5 3.c3 Nc6 4.e3 Nf6 5.Be2 Bg4 6.h3 Bxf3 7.Bxf3 e6 8.O-O Be7 9.
Nd2 cxd4 10.exd4 O-O 11.Re1 b5 12.Nf1 Re8 13.Bf4 Qb6 14.a3 Na5 15.g4 Nd7 16.
Re2 Nc4 17.Qe1 Qc6 18.Ne3 Nxe3 19.Rxe3 Bd6 20.Bxd6 Qxd6 21.Qe2 Qc6 22.Re1 Rf8
23.Bg2 Rab8 24.g5 Qc4 25.Qg4 Rb6 26.h4 a5 27.h5 b4 28.g6 hxg6 29.hxg6 fxg6 30.
Rxe6 Nf6 31.Qxg6 Rxe6 32.Rxe6 bxa3 33.Re7 Ne8 34.Qe6+ Kh7 35.Bxd5 Qa4 36.Be4+
Kh8 37.Qh3+ 1-0

[Event "Division Honor Grupo I"]
[Site ""]
[Date "2011.02.19"]
[Round "3.16"]
[White "Zalaya Gracia Alejandro"]
[Black "Ferrer Echevarri Javier"]
[Result "0-1"]
[WhiteElo "1692"]
[BlackElo "1959"]

1.d4 Nf6 2.Nf3 e6 3.Bg5 d5 4.e3 c5 5.c3 Be7 6.Bd3 Nbd7 7.Nbd2 h6 8.Bh4 b6 9.
O-O Bb7 10.Ne5 Nxe5 11.dxe5 Nd7 12.Bxe7 Qxe7 13.f4 O-O-O 14.Qa4 c4 15.Be2 Qc5
16.Kf2 g5 17.b4 Qe7 18.g3 f6 19.exf6 Qxf6 20.Qc2 gxf4 21.Kg1 Qe5 22.exf4 Qxe2
23.Rae1 Qg4 24.Nf3 Rdf8 25.Nh4 Rhg8 26.Ng2 Qg6 27.Qe2 Rf6 28.Rd1 Qe4 29.Qd2
Rgf8 30.Rfe1 Qg6 31.a4 h5 32.Qd4 Qg4 33.Kh1 h4 34.Nxh4 Rxf4 35.gxf4 Rxf4 36.
Rg1 Rxd4 37.Rxd4 Qe2 38.Ng2 e5 39.Rdd1 Qf3 40.Rgf1 Qxc3 41.h4 Qh3+ 42.Kg1 d4
43.Rf2 d3 44.Rc1 Bd5 45.Re1 c3 46.Re3 c2 47.Rxh3 c1=Q+ 48.Kh2 Bxg2 0-1

[Event "Division Honor Grupo II"]
[Site ""]
[Date "2011.02.19"]
[Round "3.17"]
[White "Gracia Campo Carlos Alberto"]
[Black "Llanes Luno Ricardo"]
[Result "0-1"]
[WhiteElo "2073"]
[BlackElo "2224"]

1.e4 c5 2.Nf3 e6 3.d4 cxd4 4.Nxd4 a6 5.Nc3 Qc7 6.Be2 Nf6 7.a3 Nc6 8.Be3 Na5 9.
Qd3 b5 10.O-O Bb7 11.b4 Nc6 12.Nb3 Ne5 13.Qd4 Rc8 14.Qa7 Neg4 15.Bxg4 Nxg4 16.
g3 Nxe3 17.fxe3 Ba8 18.Qxc7 Rxc7 19.Ne2 Bxe4 20.Rac1 Be7 21.Nd2 Bd5 22.c4 Bxc4
23.Nxc4 bxc4 24.e4 O-O 25.Rfd1 Rfc8 26.Nc3 g6 27.Na4 a5 28.Nb6 Rd8 29.Rxc4
Rxc4 30.Nxc4 axb4 31.axb4 Bxb4 32.Ne5 d6 33.Kg2 Ra8 34.Nc4 Ra2+ 35.Kf3 Rxh2
36.Nxd6 Bxd6 37.Rxd6 Rh5 38.Kf4 Ra5 39.Rd8+ Kg7 40.Rd7 g5+ 41.Kf3 Kg6 42.g4
Ra1 43.Kf2 Rh1 44.Rd8 Rh4 45.Kf3 Rh3+ 46.Kf2 Kf6 47.Rf8 h5 48.gxh5 Rxh5 49.e5+
Kg6 50.Rg8+ Kh7 51.Ra8 g4 52.Ra5 Kg6 53.Kg3 Kg5 54.Ra7 Rh3+ 55.Kg2 Rf3 56.Ra8
Rf5 57.Kg3 Rxe5 58.Rg8+ Kf5 0-1

[Event "Division Honor Grupo II"]
[Site ""]
[Date "2011.02.19"]
[Round "3.18"]
[White "Lamas Mercadal Manuel"]
[Black "Veras Sanz Marino"]
[Result "1-0"]
[WhiteElo "2187"]
[BlackElo "2051"]

1.e4 d6 2.d4 Nf6 3.Nc3 Nbd7 4.Nf3 e5 5.Bc4 Be7 6.O-O O-O 7.Re1 c6 8.a4 b6 9.b3
a6 10.Bb2 Bb7 11.Qd2 b5 12.axb5 axb5 13.Bd3 Qb6 14.Ne2 Rfd8 15.Ng3 c5 16.Nf5
Bf8 17.Qg5 cxd4 18.Nh6+ Kh8 19.Nxf7+ Kg8 20.Nxd8 Rxd8 21.Qd2 Nc5 22.Qa5 Qxa5
23.Rxa5 Bxe4 24.Bxe4 Ncxe4 25.Rxb5 Rc8 26.Re2 Ra8 27.Ne1 Ra2 28.f3 Nc5 29.Nd3
Nxd3 30.cxd3 Nd7 31.b4 e4 32.fxe4 Ne5 33.Ra5 1-0

[Event "Division Honor Grupo II"]
[Site ""]
[Date "2011.02.19"]
[Round "3.19"]
[White "Galve Guinea Alejandro"]
[Black "Llanes Luno Pedro Alfredo"]
[Result "1/2-1/2"]
[WhiteElo "2031"]
[BlackElo "2174"]

1.d4 Nf6 2.Nf3 g6 3.c4 Bg7 4.Nc3 O-O 5.e4 d6 6.Be2 e5 7.Be3 Ng4 8.Bg5 f6 9.Bh4
Nc6 10.d5 Ne7 11.Nd2 Nh6 12.f3 c5 13.a3 Kh8 14.b4 b6 15.bxc5 bxc5 16.Qc2 g5
17.Bf2 Ng6 18.g4 Nf4 19.Bg3 Ng2+ 20.Kf2 Nf4 21.h4 Qe7 22.Rab1 Rf7 23.h5 f5 24.
gxf5 g4 25.Bh4 Bf6 26.Bxf6+ Qxf6 27.fxg4 Rg7 28.Rbg1 Rb8 29.Rb1 Rxb1 30.Qxb1
Nxg4+ 31.Bxg4 Rxg4 32.Qb8 Rg8 33.Qc7 Qg5 34.Ke1 Qg3+ 35.Kd1 Qxc3 36.Qxd6 Qa1+
37.Kc2 Qa2+ 38.Kd1 1/2-1/2

[Event "Division Honor Grupo II"]
[Site ""]
[Date "2011.02.19"]
[Round "3.20"]
[White "Roche Simon Miguel Angel"]
[Black "Requena Munguira Jorge"]
[Result "1-0"]
[WhiteElo "2141"]
[BlackElo "1983"]

1.e4 c6 2.d4 d5 3.Nc3 dxe4 4.Nxe4 Bf5 5.Ng3 Bg6 6.h4 h6 7.f4 e6 8.Nf3 Nd7 9.h5
Bh7 10.Bd3 Bxd3 11.Qxd3 Qc7 12.Bd2 O-O-O 13.Qe2 Ngf6 14.O-O-O Nd5 15.Ne5 N7f6
16.c4 Nb6 17.Ba5 c5 18.dxc5 Rxd1+ 19.Rxd1 Qxc5 20.Bxb6 Qxb6 21.Nxf7 Rg8 22.
Rd8+ Qxd8 23.Nxd8 Kxd8 24.Qxe6 Bc5 25.Qe5 b6 26.Ne4 Re8 27.Qb8+ Kd7 28.Qxa7+
1-0

[Event "Division Honor Grupo II"]
[Site ""]
[Date "2011.02.19"]
[Round "3.21"]
[White "Navarro Alonso Jorge Luis"]
[Black "Hefty Hilardo Jorge Walter"]
[Result "1/2-1/2"]
[WhiteElo "2157"]
[BlackElo "2314"]

1.e4 Nf6 2.e5 Nd5 3.c4 Nb6 4.d4 d6 5.exd6 exd6 6.Nc3 Nc6 7.Bd3 Nxd4 8.Bxh7
Rxh7 9.Qxd4 Be6 10.Nge2 Nxc4 11.Qe4 Rh8 12.Qxb7 Ne5 13.O-O Rb8 14.Qxa7 Rb4
1/2-1/2